000 00491nam a22001937a 4500
001 00260
003 DO-SdBNP
005 20180226104453.0
008 151127b 2005 sp xxu||||| |||| 00| 0 spa d
040 _aBPMSU
_bspa
_cBPMSU
092 _axxxxx
_bxxxxx
245 0 0 _aCon otro aire...
260 _aLeón, España :
_bLagunair,
_c2005.
300 _a47 p. :
_bil. ;
_c20 cm.
910 _a00260
942 _2ddc
_cBK
945 _ainventariado, 2018 / dg
956 _aLorenza Pérez
_b10
999 _c8945
_d8945